| 000 | 00613nam a2200181Ia 4500 | ||
|---|---|---|---|
| 008 | 090630s9999 xx 000 0 und d | ||
| 082 | _b17825 | ||
| 100 | _aदेशपांडे कृ. प. | ||
| 245 |
_aअसेल माझा हरी. _cदेशपांडे कृ. प. |
||
| 260 | _bअमोल - पुणे. | ||
| 300 | _a64 | ||
| 600 | _aदेशपांडे कृ. प. | ||
| 630 | _aअसेल माझा हरी. | ||
| 655 | _aलघुकथा. | ||
| 700 | _aदेशपांडे कृ. प. | ||
| 730 | _aअसेल माझा हरी. | ||
| 942 | _cBOOK | ||
| 999 |
_c269681 _d269681 |
||